000 00646nam a2200205 a 4500
003 DO-SdBNP
005 20260304111110.0
007 ta
008 220727e? dr a|||gr6||| 00| 0 spa d
040 _aDO-SdBNP
_bspa
_cBNPHU
082 4 _222
_bU54g
245 1 0 _aUna grata visita. /
260 _a[Santo Domimgo] :
_b[s. n.],
_c[190?]
650 0 _aSeguros de salud
_964801
650 4 _978659
_aCobertua de los Servicios Privados de Salud
_zRepública Dominicana
650 4 _911022
_aSistema de Seguridad Social
_vRepública Dominicana
710 1 _980927
_aSeguro Nacional de Salud República Dominicana
910 _aMFeliz
942 _2ddc
_cLF2
999 _c52240
_d52240